000 01044cfm a22002175a 4500
001 L140445
008 070924s1656 xxk a 0 h eng u
035 _a(Sirsi) u140445
041 0 _aeng
100 1 _aPattenden, John
245 0 2 _aA description of a certain Mess or Manor house called Cates-place with ye apurtenances scittate in the parish of Brenchly being the land of Will Bassage it containes together 120 Acr., 3 Roodes, 30 Poles - as may appear by the particular contents set down in the several peeces measured in the year 1656 by me John Pattenden
_h[cartographic material]
255 _aScale 1:2376
260 _c1656
300 _a1 ms. map
_bvellum, col., rolled
_c50 x 30 cm.
500 _aManuscript map with hand colouring.
500 _aMap is mounted on to a wooden roll at the bottom edge.
500 _aMap has been annotated in ink at later dates: one annotation dates from 1740.
651 4 _aKent
690 _aENVIRONMENTAL AND LAND CONSULTANCY-GEOMATICS-MAPPING AND POSITIONING-CARTOGRAPHY
942 _n0
999 _c116883
_d116883